|
|
|
|
| LEADER |
00640cam a2200181 7i4500 |
| 001 |
0000032429 |
| 005 |
20110802090000.0 |
| 020 |
|
|
|a 0743263294 (pbk.)
|
| 020 |
|
|
|a 9780743263290 (pbk.)
|
| 090 |
0 |
0 |
|a HF5549.5
|b .B34 2007
|
| 100 |
1 |
|
|a Buckingham, Marcus
|
| 245 |
1 |
0 |
|a Go put your strenghts to work :
|b six powerful steps to achieve outstanding performance
|c Marcus Buckingham.
|
| 260 |
|
|
|a London:
|b Simon & Schuster,
|c 2007.
|
| 300 |
|
|
|a xii, 270 p.:
|b col. ill.;
|c 23 cm.
|
| 650 |
0 |
0 |
|a Performance --
|x Psychological aspects
|
| 650 |
0 |
0 |
|a Ability
|
| 650 |
0 |
0 |
|a Employee motivation
|
| 999 |
|
|
|a 0000051401
|b BOK
|c OPEN SHELF
|e 1st Floor, Bestari Jaya
|